000 00894cab a2200241 4500
001 WB2813-27
008 090401t1992 xxu||||| |||| 00| 0 eng d
035 _a(Sirsi) u63904
041 _aeng
245 _aRevoking planning permission
260 _c1992
350 _a0
490 _aEstates Gazette
_v(9211) 21 March 1992, 125(1)
520 _a"Gillingham BC v Medway (Chatham) Dock Co Ltd" is probably the first reported case to consider whether the local authority can avoid paying compensation for damages on modifying planning permission previously granted by claiming that the defendants` activities were a public nuisance.
650 _aCOMPENSATION
650 _aPLANNING PERMISSION
650 _aPUBLIC NUISANCE
650 _aREVOCATION
650 _aTOWN AND COUNTRY PLANNING ACT 1990 S97
690 _aPLANNING LAW AND PRACTICE
942 _n0
948 _c04/03/1997
999 _c39760
_d39760